[Event "CrunchLab Masters Div 3 W"]
[Site "chess.com INT"]
[Date "2024.07.21"]
[Round "4.4"]
[White "Dubov, Daniil"]
[Black "Erigaisi, Arjun"]
[Result "0-1"]
[WhiteTitle "GM"]
[BlackTitle "GM"]
[WhiteElo "2701"]
[BlackElo "2778"]
[WhiteFideId "24126055"]
[BlackFideId "35009192"]
[EventDate "2024.07.19"]
[EventType "k.o."]

1. e4 e6 2. d4 d5 3. Nd2 Nf6 4. e5 Nfd7 5. c3 c5 6. Ngf3 Nc6 7. Bd3 a5 8. O-O g5
9. b3 cxd4 10. cxd4 g4 11. Ne1 Nxd4 12. Qxg4 Nc6 13. Bb2 h5 14. Qh3 Qg5 15. f4
Qg4 16. Qf3 Bb4 17. Rd1 a4 18. bxa4 Rxa4 19. Bb1 b6 20. Nd3 Ba6 21. f5 Bxd3 22.
Qxd3 Rg8 23. g3 h4 24. fxe6 fxe6 25. Qh7 hxg3 26. Qf7+ Kd8 27. Qf3 Bc5+ 28. Kg2
gxh2+ 0-1

[Event "CrunchLab Masters Div 3 W"]
[Site "chess.com INT"]
[Date "2024.07.21"]
[Round "4.5"]
[White "Alekseev, Evgeny"]
[Black "Anton Guijarro, David"]
[Result "1-0"]
[WhiteTitle "GM"]
[BlackTitle "GM"]
[WhiteElo "2550"]
[BlackElo "2669"]
[WhiteFideId "4138147"]
[BlackFideId "2285525"]
[EventDate "2024.07.19"]
[EventType "k.o."]

1. Nf3 d5 2. e3 Nf6 3. c4 dxc4 4. Bxc4 e6 5. b3 c5 6. Bb2 Nc6 7. Nc3 a6 8. Be2
Be7 9. a3 e5 10. Qc2 Bg4 11. h3 Bh5 12. Nh4 Bxe2 13. Nxe2 O-O 14. Nf5 Re8 15.
O-O Bf8 16. f4 g6 17. Nfg3 Rc8 18. Rf2 Bg7 19. Raf1 Rc7 20. f5 Rd7 21. Nc3 b6
22. Nce4 Nxe4 23. Nxe4 Kh8 24. b4 Qh4 25. bxc5 b5 26. Nd6 Rb8 27. fxg6 fxg6 28.
Qb3 h6 29. Qe6 1-0

[Event "CrunchLab Masters Div 3 W"]
[Site "chess.com INT"]
[Date "2024.07.22"]
[Round "5.1"]
[White "Erigaisi, Arjun"]
[Black "Alekseev, Evgeny"]
[Result "1/2-1/2"]
[WhiteTitle "GM"]
[BlackTitle "GM"]
[WhiteElo "2778"]
[BlackElo "2550"]
[WhiteFideId "35009192"]
[BlackFideId "4138147"]
[EventDate "2024.07.19"]
[EventType "k.o."]

1. d4 Nf6 2. Nf3 e6 3. Bf4 c5 4. e3 Nc6 5. Be2 d5 6. O-O Bd6 7. dxc5 Bxc5 8. c4
O-O 9. cxd5 Nxd5 10. Bg3 Nf6 11. Nc3 Be7 12. Rc1 Nh5 13. Qxd8 Rxd8 14. Bh4 Bxh4
15. Nxh4 Nf6 16. Rfd1 Bd7 17. Nf3 Be8 18. Nb5 Kf8 19. Nd6 Ke7 20. Nxe8 Nxe8 21.
Kf1 Rxd1+ 22. Bxd1 Rd8 23. Ba4 Nb4 24. a3 Nd5 25. Ke2 Nb6 26. Bxe8 Kxe8 27. e4
Rc8 28. Rxc8+ Nxc8 29. Kd3 Ke7 30. Nd4 Kd6 31. f4 a6 32. e5+ Kd5 33. Ne2 Ne7 34.
Nc3+ Kc6 35. Ne4 h6 36. g3 Nd5 37. Kd4 b6 38. h4 g6 39. Kd3 Kd7 40. b4 Kc6 41.
Nf2 Ne7 42. g4 Nd5 43. Ke4 Nc3+ 44. Kd3 Nd5 45. Ke4 Nc3+ 46. Kd3 Nd5 1/2-1/2

[Event "CrunchLab Masters Div 3 W"]
[Site "chess.com INT"]
[Date "2024.07.22"]
[Round "5.2"]
[White "Alekseev, Evgeny"]
[Black "Erigaisi, Arjun"]
[Result "1/2-1/2"]
[WhiteTitle "GM"]
[BlackTitle "GM"]
[WhiteElo "2550"]
[BlackElo "2778"]
[WhiteFideId "4138147"]
[BlackFideId "35009192"]
[EventDate "2024.07.19"]
[EventType "k.o."]

1. e4 c5 2. Nf3 Nc6 3. Bb5 d6 4. d4 cxd4 5. Qxd4 a6 6. Bxc6+ bxc6 7. c4 e5 8.
Qd3 Nf6 9. Nc3 Qc7 10. O-O Be7 11. h3 O-O 12. Be3 a5 13. b3 h6 14. Rfd1 Be6 15.
Rac1 Qb8 16. Na4 Nd7 17. Nd2 f5 18. f3 Qc7 19. Qe2 Nf6 20. exf5 Bxf5 21. Nf1
Rae8 22. Bb6 Qb8 23. Ng3 Bh7 24. Bxa5 e4 25. f4 d5 26. cxd5 Qxf4 27. d6 Bxd6 28.
Be1 e3 29. Qc4+ Qxc4 30. Rxc4 Bxg3 31. Bxg3 e2 32. Re1 Ne4 33. Kh2 Nd2 34. Bd6
Nxc4 35. Bxf8 Ne3 36. Nc3 Nc2 37. Rxe2 Rxe2 38. Nxe2 Kxf8 39. Kg3 Ke7 40. Kf2
Kd6 41. g4 Kc5 42. Nf4 g5 43. Ne6+ Kb4 44. Nd8 c5 45. Nf7 Ka3 46. Nxh6 Kxa2 47.
Nf7 Kxb3 48. Nxg5 Bd3 49. Ne6 c4 50. h4 c3 51. h5 Kc4 52. h6 Nd4 53. Nf4 Bh7 54.
Ng2 Kd3 55. g5 Kd2 56. Ne3 Bd3 57. Nf1+ Kc1 58. Ke3 Bxf1 59. Kxd4 c2 60. h7 Kd1
61. h8=Q c1=Q 62. Qf6 Qd2+ 63. Kc5 Qe3+ 64. Qd4+ Qxd4+ 65. Kxd4 Bh3 66. Ke5 Bf1
67. g6 Bc4 68. g7 Ba2 69. Kf6 Bg8 70. Ke7 Ke1 71. Kf8 Bh7 72. g8=Q Bxg8 1/2-1/2

[Event "CrunchLab Masters Div 3 W"]
[Site "chess.com INT"]
[Date "2024.07.22"]
[Round "5.3"]
[White "Erigaisi, Arjun"]
[Black "Alekseev, Evgeny"]
[Result "1-0"]
[WhiteTitle "GM"]
[BlackTitle "GM"]
[WhiteElo "2778"]
[BlackElo "2550"]
[WhiteFideId "35009192"]
[BlackFideId "4138147"]
[EventDate "2024.07.19"]
[EventType "k.o."]

1. d4 Nf6 2. Nf3 e6 3. Bf4 c5 4. e3 Nc6 5. Be2 d5 6. O-O Bd6 7. dxc5 Bxf4 8.
exf4 Qe7 9. Nbd2 Qxc5 10. g3 O-O 11. Bd3 Qb6 12. Nb3 Bd7 13. c3 Rac8 14. Qe2
Rfd8 15. h4 Na5 16. Nxa5 Qxa5 17. Ne5 Qc7 18. Rfe1 Re8 19. g4 g6 20. h5 Bc6 21.
Qe3 Qb6 22. Qh3 Qc5 23. hxg6 hxg6 24. g5 Ne4 25. Bxe4 dxe4 26. Re3 Red8 27. Ng4
Kf8 28. Qh8+ Ke7 29. Qf6+ Kd6 30. Qxf7 Rf8 31. Rd1+ Bd5 32. Qg7 Rf5 33. Rxe4
Rcf8 34. Nf6 1-0

[Event "CrunchLab Masters Div 3 W"]
[Site "chess.com INT"]
[Date "2024.07.22"]
[Round "5.4"]
[White "Alekseev, Evgeny"]
[Black "Erigaisi, Arjun"]
[Result "1/2-1/2"]
[WhiteTitle "GM"]
[BlackTitle "GM"]
[WhiteElo "2550"]
[BlackElo "2778"]
[WhiteFideId "4138147"]
[BlackFideId "35009192"]
[EventDate "2024.07.19"]
[EventType "k.o."]

1. e4 c5 2. Nf3 Nc6 3. d4 cxd4 4. Nxd4 Nf6 5. Nc3 e5 6. Ndb5 d6 7. Bg5 a6 8. Na3
b5 9. Nd5 Be7 10. Bxf6 Bxf6 11. c4 b4 12. Nc2 a5 13. g3 g6 14. Nxf6+ Qxf6 15.
Bg2 h5 16. Qd5 Ra6 17. O-O h4 18. f4 Qe7 19. f5 Qa7+ 20. Rf2 hxg3 21. hxg3 Ne7
22. Qd2 gxf5 23. Ne3 fxe4 24. Bxe4 f5 25. Bg2 Bb7 26. Raf1 Bxg2 27. Kxg2 Qb7+
28. Nd5 Nxd5 29. Qxd5 Qxd5+ 30. cxd5 f4 31. gxf4 Rg8+ 32. Kf3 Rf8 33. Ke4 Rxf4+
34. Rxf4 exf4 35. Rxf4 Ra7 36. Rf6 Rh7 37. Rxd6 Rh2 38. Ra6 Rxb2 39. Rxa5 b3 40.
a4 Rb1 41. Kd3 Rc1 42. Rb5 Ra1 43. a5 b2 44. Rxb2 Rxa5 45. Kd4 Ra6 46. Rb7 Kd8
47. Ke5 Rh6 48. Rf7 Ke8 49. Rf6 Rxf6 50. Kxf6 Kd7 51. d6 Kxd6 1/2-1/2

[Event "CrunchLab Masters Div 3 W"]
[Site "chess.com INT"]
[Date "2024.07.23"]
[Round "6.1"]
[White "Erigaisi, Arjun"]
[Black "Alekseev, Evgeny"]
[Result "1-0"]
[WhiteTitle "GM"]
[BlackTitle "GM"]
[WhiteElo "2778"]
[BlackElo "2550"]
[WhiteFideId "35009192"]
[BlackFideId "4138147"]
[EventDate "2024.07.19"]
[EventType "k.o."]

1. d4 Nf6 2. Nf3 e6 3. Bf4 c5 4. e3 d5 5. Nbd2 Nc6 6. c3 cxd4 7. exd4 Nh5 8. Be3
Bd6 9. Bd3 Nf4 10. Bxf4 Bxf4 11. O-O O-O 12. Re1 g6 13. g3 Bc7 14. Rc1 Kg7 15.
b4 b6 16. h4 h6 17. Qe2 Bb7 18. a4 Rc8 19. Ba6 Bxa6 20. Qxa6 Bb8 21. Nf1 Qf6 22.
Qe2 Rfe8 23. Ne3 h5 24. Kg2 Red8 25. Rc2 Bd6 26. Ra1 Rc7 27. a5 bxa5 28. b5 Ne7
29. Rxa5 Nf5 30. Ra6 Nxe3+ 31. Qxe3 Qf5 32. Rca2 Rdd7 33. Rc6 Rb7 34. Raa6 Bb8
35. Qe2 Re7 36. Rc5 Rbc7 37. c4 Rb7 38. Rac6 Qb1 39. Rc8 Qf5 40. Qe3 Red7 41.
Re8 Rdc7 42. Rxb8 1-0

[Event "CrunchLab Masters Div 3 W"]
[Site "chess.com INT"]
[Date "2024.07.23"]
[Round "6.2"]
[White "Alekseev, Evgeny"]
[Black "Erigaisi, Arjun"]
[Result "1/2-1/2"]
[WhiteTitle "GM"]
[BlackTitle "GM"]
[WhiteElo "2550"]
[BlackElo "2778"]
[WhiteFideId "4138147"]
[BlackFideId "35009192"]
[EventDate "2024.07.19"]
[EventType "k.o."]

1. e4 c5 2. Nf3 Nc6 3. Bb5 e6 4. O-O Nge7 5. d4 cxd4 6. Nxd4 Ng6 7. Be3 Be7 8.
Be2 O-O 9. c4 Nxd4 10. Qxd4 b6 11. Nc3 Bf6 12. Qd2 Bb7 13. f3 Qe7 14. Rfe1 Rfd8
15. Rad1 Bc6 16. Bf1 Be5 17. Rc1 h6 18. g3 Rac8 19. Bg2 Bd6 20. f4 Bc5 21. Qd3
Bxe3+ 22. Qxe3 Qb4 23. b3 Ne7 24. Red1 a6 25. Qd4 d6 26. Ne2 Bb7 27. Qd2 Qc5+
28. Kh1 Qa3 29. Nd4 e5 30. Ne2 b5 31. cxb5 axb5 32. Nc3 Bc6 33. fxe5 dxe5 34.
Qxd8+ Rxd8 35. Rxd8+ Kh7 36. Rc2 Qc5 37. Rdd2 Qe3 38. Re2 Qd3 39. Red2 Qe3 40.
Re2 Qd3 41. Red2 Qe3 1/2-1/2

[Event "CrunchLab Masters Div 3 W"]
[Site "chess.com INT"]
[Date "2024.07.23"]
[Round "6.3"]
[White "Erigaisi, Arjun"]
[Black "Alekseev, Evgeny"]
[Result "1-0"]
[WhiteTitle "GM"]
[BlackTitle "GM"]
[WhiteElo "2778"]
[BlackElo "2550"]
[WhiteFideId "35009192"]
[BlackFideId "4138147"]
[EventDate "2024.07.19"]
[EventType "k.o."]

1. d4 d5 2. Nf3 Nf6 3. Bf4 c5 4. e3 Nc6 5. Nbd2 cxd4 6. exd4 a6 7. c3 Bf5 8. Nh4
Bg4 9. Qb3 Na5 10. Qc2 e6 11. h3 Bh5 12. Bd3 Bd6 13. Bxd6 Qxd6 14. Nhf3 Bg6 15.
Bxg6 hxg6 16. O-O Nc6 17. a4 Qf4 18. Rfe1 Rc8 19. Re3 O-O 20. Qd3 Nd7 21. g3 Qf5
22. Qxf5 gxf5 23. a5 Na7 24. Ne1 Nb5 25. Nd3 Nd6 26. Nb3 g5 27. Kg2 Kg7 28. Nbc5
Nf6 29. Ra4 Rc7 30. Rxe6 fxe6 31. Nxe6+ Kf7 32. Nxc7 Rc8 33. Nxa6 bxa6 34. Nc5
Rb8 35. Nxa6 Rxb2 36. Nb4 Nde4 37. Nd3 Rb8 38. Ra3 Ra8 39. a6 Nd6 40. a7 Ke7 41.
Ra6 Nb5 42. Nb4 Nc7 43. Rb6 1-0